[Event "Lovfalds EMT 18th B"]
[Site "Ringsted"]
[Date "2004.09.17"]
[Round "1"]
[White "Sandberg, Henrik"]
[Black "Arnkilde, Anders"]
[Result "1/2-1/2"]
[WhiteElo "1828"]
[BlackElo "1968"]
[PlyCount "68"]
[EventDate "2004.09.17"]
[EventType "tourn"]
[EventRounds "5"]
[EventCountry "DEN"]
[SourceTitle "EXT 2023"]
[Source "ChessBase"]
[SourceDate "2022.10.05"]
[SourceVersion "1"]
[SourceVersionDate "2022.10.05"]
[SourceQuality "1"]

1. e4 g6 2. d4 Bg7 3. Nf3 d6 4. c3 Nd7 5. Bc4 Nb6 6. Bb3 Nf6 7. Qe2 0-0 8. 0-0 Bg4 9. h3 Bxf3 10. Qxf3 e5 11. dxe5 dxe5 12. Bg5 h6 13. Bxf6 Qxf6 14. Nd2 Rad8 15. Rad1 Qg5 16. Nc4 Nxc4 17. Rxd8 Qxd8 18. Bxc4 Qd2 19. Rd1 Qxb2 20. Rd7 Qc1+ 21. Kh2 Qf4+ 22. Qxf4 exf4 23. Rxc7 Bxc3 24. Rxb7 Bd4 25. f3 Bf2 26. h4 h5 27. Kh3 a5 28. a4 Bg3 29. Bd5 Bf2 30. Rb2 Be1 31. Rb7 Bf2 32. Rb2 Bd4 33. Rb7 Bf2 34. Rb2 Bg3 1/2-1/2

[Event "Lovfalds 14th D"]
[Site "Ringsted"]
[Date "2000.09.16"]
[Round "2"]
[White "Sandberg, Henrik"]
[Black "Zyde, Fadmal"]
[Result "1/2-1/2"]
[WhiteElo "1603"]
[BlackElo "1518"]
[PlyCount "47"]
[EventDate "2000.09.15"]
[EventType "tourn"]
[EventRounds "5"]
[EventCountry "DEN"]
[SourceTitle "EXT 2023"]
[Source "ChessBase"]
[SourceDate "2022.10.05"]
[SourceVersion "1"]
[SourceVersionDate "2022.10.05"]
[SourceQuality "1"]

1. f4 Nc6 2. Nf3 d5 3. b3 Nf6 4. e3 d4 5. Bb5 dxe3 6. Bxc6+ bxc6 7. dxe3 Qxd1+ 8. Kxd1 Bg4 9. Bb2 Bxf3+ 10. gxf3 Nd5 11. Ke2 Nb4 12. Rc1 Rg8 13. a3 Nd5 14. Nc3 0-0-0 15. Rd1 e6 16. Ne4 f5 17. Ng5 h6 18. Nxe6 Re8 19. Nxf8 Nxe3 20. Ng6 Nxc2+ 21. Ne5 Nxa1 22. Bxa1 g5 23. fxg5 Rxg5 24. Ke3 1/2-1/2

[Event "Lovfalds 14th D"]
[Site "Ringsted"]
[Date "2000.09.15"]
[Round "1"]
[White "Hansen, Svend"]
[Black "Sandberg, Henrik"]
[Result "0-1"]
[WhiteElo "1559"]
[BlackElo "1603"]
[PlyCount "58"]
[EventDate "2000.09.15"]
[EventType "tourn"]
[EventRounds "5"]
[EventCountry "DEN"]
[SourceTitle "EXT 2023"]
[Source "ChessBase"]
[SourceDate "2022.10.05"]
[SourceVersion "1"]
[SourceVersionDate "2022.10.05"]
[SourceQuality "1"]

1. e4 d5 2. exd5 Qxd5 3. Nc3 Qa5 4. Nf3 Nf6 5. d3 Bg4 6. Bd2 c6 7. Nd5 Qxd5 8. c4 Bxf3 9. gxf3 Qe5+ 10. Be3 e6 11. a3 Qxb2 12. Rb1 Qxa3 13. Rxb7 Bb4+ 14. Bd2 Bxd2+ 15. Qxd2 0-0 16. Be2 Nbd7 17. 0-0 Rfb8 18. Rfb1 Rxb7 19. Rxb7 Rb8 20. Rc7 c5 21. Qf4 Qa5 22. Qd6 Qe1+ 23. Bf1 Qa5 24. Qc6 g6 25. Rxd7 Nxd7 26. Qxd7 Qa1 27. Kg2 Rb1 28. Be2 Rg1+ 29. Kh3 Qe5 0-1